00482pam a2200145 a 4500020000500000041000500005082001600010100002000026245005600046260003400102300001600136930000900152999001900161952015600180 c h a741.24bTAV aMia- Tarontti . aPets- Learn to Draw Step by StephTextual Documents a[s.l]:bwalter Foster,c2005. a30:bpaper. a7193 c240983d240983 001040708Text BooksaFAPbFAPd2015-12-12eBhararti Sahakari Grahak Bhandarg614.00l0o741.24 TAVpFAP-7669r2023-09-30 00:00:00t1w2023-03-07yBK